151 Original Pokémon - Statistics

General Stats
  • This quiz has been taken 173 times
  • The average score is 84 of 150
Answer Stats
Dex # Pokemon % Correct
001 Bulbasaur
91%
004 Charmander
87%
006 Charizard
86%
002 Ivysaur
85%
007 Squirtle
85%
005 Charmeleon
84%
025 Pikachu
84%
009 Blastoise
82%
008 Wartortle
81%
151 Mew
79%
003 Venusaur
79%
026 Raichu
78%
010 Caterpie
76%
016 Pidgey
76%
012 Butterfree
75%
150 Mewtwo
75%
018 Pidgeot
75%
015 Beedrill
74%
017 Pidgeotto
74%
013 Weedle
73%
014 Kakuna
72%
011 Metapod
72%
144 Articuno
70%
019 Rattata
70%
145 Zapdos
70%
146 Moltres
69%
092 Gastly
68%
094 Gengar
67%
093 Haunter
67%
020 Raticate
67%
129 Magikarp
66%
148 Dragonair
65%
149 Dragonite
65%
147 Dratini
65%
022 Fearow
65%
034 Nidoking
65%
031 Nidoqueen
65%
021 Spearow
65%
133 Eevee
64%
023 Ekans
64%
024 Arbok
63%
074 Geodude
63%
075 Graveler
62%
068 Machamp
62%
134 Vaporeon
62%
063 Abra
61%
065 Alakazam
61%
064 Kadabra
61%
095 Onix
61%
136 Flareon
60%
039 Jigglypuff
60%
135 Jolteon
60%
067 Machoke
60%
030 Nidorina
60%
043 Oddish
60%
076 Golem
59%
130 Gyarados
59%
066 Machop
59%
033 Nidorino
59%
143 Snorlax
59%
069 Bellsprout
58%
044 Gloom
58%
078 Rapidash
58%
125 Electabuzz
57%
126 Magmar
57%
077 Ponyta
57%
120 Staryu
57%
040 Wigglytuff
57%
035 Clefairy
56%
121 Starmie
56%
045 Vileplume
56%
100 Voltorb
56%
059 Arcanine
55%
101 Electrode
55%
058 Growlithe
54%
124 Jynx
54%
056 Mankey
54%
052 Meowth
54%
070 Weepinbell
54%
106 Hitmonlee
53%
081 Magnemite
53%
140 Kabuto
52%
109 Koffing
52%
082 Magneton
52%
036 Clefable
51%
051 Dugtrio
51%
107 Hitmonchan
51%
141 Kabutops
51%
028 Sandslash
51%
071 Victreebel
51%
110 Weezing
51%
042 Golbat
50%
057 Primeape
50%
054 Psyduck
50%
119 Seaking
50%
037 Vulpix
50%
041 Zubat
50%
142 Aerodactyl
49%
118 Goldeen
49%
027 Sandshrew
49%
050 Diglett
48%
131 Lapras
48%
139 Omastar
48%
113 Chansey
47%
122 Mr. Mime
47%
038 Ninetales
47%
138 Omanyte
47%
053 Persian
47%
116 Horsea
46%
089 Muk
46%
049 Venomoth
46%
055 Golduck
45%
088 Grimer
45%
060 Poliwag
45%
112 Rhydon
45%
123 Scyther
45%
117 Seadra
45%
128 Tauros
45%
061 Poliwhirl
44%
062 Poliwrath
44%
111 Rhyhorn
44%
048 Venonat
44%
091 Cloyster
43%
084 Doduo
43%
073 Tentacruel
43%
046 Paras
42%
072 Tentacool
42%
085 Dodrio
41%
096 Drowzee
41%
083 Farfetch'd
41%
097 Hypno
41%
079 Slowpoke
41%
102 Exeggcute
40%
103 Exeggutor
40%
047 Parasect
40%
127 Pinsir
40%
086 Seel
40%
090 Shellder
40%
104 Cubone
39%
080 Slowbro
39%
132 Ditto
38%
105 Marowak
38%
087 Dewgong
37%
137 Porygon
35%
114 Tangela
35%
108 Lickitung
34%
099 Kingler
33%
098 Krabby
32%
029 Nidoran♀
23%
032 Nidoran♂
23%
No matching quizzes found
Score Distribution
Percent of People with Each Score
Percentile by Number Answered
Your Score History
You have not taken this quiz